Most Urbanized Countries in Europe - Statistics

General Stats
  • This quiz has been taken 59 times
  • The average score is 14 of 16
Answer Stats
Urbanization in % Country % Correct
98 Belgium
94%
100 Monaco
94%
91.5 Netherlands
94%
83.4 United Kingdom
94%
100 Vatican City
94%
88.1 Andorra
93%
91 Luxembourg
93%
97.2 San Marino
91%
87.9 Denmark
89%
80.3 Spain
87%
87.4 Sweden
87%
82.2 Norway
85%
93.8 Iceland
83%
94.6 Malta
83%
85.4 Finland
81%
80.4 France
80%
No matching quizzes found
Score Distribution
Percent of People with Each Score
Percentile by Number Answered
Your Score History
You have not taken this quiz